| 000 | nam a22 7a 4500 | ||
|---|---|---|---|
| 999 |
_c329687 _d329687 |
||
| 003 | NUST | ||
| 005 | 20170614112602.0 | ||
| 008 | 170518b xxu||||| |||| 00| 0 eng d | ||
| 040 | _cNUST | ||
| 041 | _hurdu | ||
| 082 |
_a891.4393 _bHIJ |
||
| 100 |
_aHijazi, Nasim _91010 |
||
| 245 |
_aAkhri maarka / _cby Nasim Hijazi |
||
| 260 |
_aLahore: _bJahangir books, _c1953 |
||
| 300 | _a592 p. | ||
| 500 | _aNovel | ||
| 546 | _aIn Urdu | ||
| 650 |
_aUrdu Literature _9347 |
||
| 880 |
_aآخری معرکہ _6245-02\(3\r _cنسیم حجازی |
||
| 880 |
_aنسیم حجازی _6100-01\(3\r |
||
| 880 |
_aلاہور: _6260-03\(3\r _bجہانگیر بکس، |
||
| 942 |
_2ddc _cBK |
||